[Event "Podzimni turnaj TJ Praga 2015 1A"]
[Site "Praha"]
[Date "2015.10.06"]
[Round "3.7"]
[White "Adamek, Milan"]
[Black "Pavlicek, Petr"]
[Result "1-0"]
[WhiteElo "2115"]
[BlackElo "1869"]
[Annotator ""]
[Source ""]
[Remark ""]

1.e4 e5 2.Nf3 Nc6 3.d4 exd4 4.Bc4 Nf6 5.e5 d5 6.Bb5 Ne4 7.Nxd4
Bd7 8.Bxc6 bxc6 9.O-O Be7 10.f3 Ng5 11.f4 Ne4 12.f5 c5 13.Nb3
Bc6 14.Nc3 d4 15.Nxe4 Bxe4 16.Nd2 Bd5 17.Qg4 Qd7 18.Qe2 O-O-O
19.b3 Qc6 20.a4 Rde8 21.Rf2 h5 22.Qb5 Bg5 23.Qxc6 Bxc6 24.Nc4
Bxc1 25.Rxc1 Bd5 26.Re2 Bxc4 27.bxc4 Rh6 28.a5 Ra6 29.Ra1 Kd7
30.Kf2 Rb8 31.Ra4 Rb4 32.Ra3 Rxc4 33.Rg3 g6 34.e6+ Ke7 35.fxg6
fxg6 36.Rxg6 Rc3 37.Rg7+ Ke8 38.Rxc7 Rxa5 39.e7 Re3 40.Rxe3 dxe3+
41.Kxe3 c4 42.Kd4 Rg5 43.g3 Rg4+ 44.Kc3 Re4 45.Rxa7 Re2 46.h3
Re3+ 47.Kxc4 Rxg3 48.Kd5 Rxh3 49.Kd6 Re3 50.Ra8+ Kf7 51.Rf8+ 1-0

[Event "Podzimni turnaj TJ Praga 2015 1A"]
[Site "Praha"]
[Date "2015.10.06"]
[Round "3.8"]
[White "Ryvova, Anna"]
[Black "Pokorny, Jan"]
[Result "1-0"]
[WhiteElo "1922"]
[BlackElo "1865"]
[Annotator "Ryvova, Anna"]
[Source ""]
[Remark ""]

1.e4 d6 2.d4 Nf6 3.Nc3 g6 4.f4 Bg7 5.Nf3 c6 6.Bd3 O-O 7.O-O Na6
8.a3 b6 9.e5 dxe5 10.dxe5 Nd5 11.Ne4 Bb7 12.Qe2 Nb8
( 12...Nac7 {?} 13.c4 {!$18} ) 13.c4 Nc7 14.Be3 f5 15.Neg5 {Podle PC je lepsi}
( 15.exf6 exf6 16.f5 c5 $16 {
, ale radeji jsem zvolila hru na omezeni pohyblivosti souperovych figur a
postupneho zesilovani pozice, kdyz souper nema zadnou protihru.} )
h6 16.Nh3 c5 17.Rad1 Qc8 18.b4 Ne6 19.Nh4 Qe8 ( 19...Kh7 {?}
20.Nxg6 {!} Kxg6 21.Qg4+ Kh7 22.Bxf5+ $18 ) 20.b5 {!$16} {hrano s cílem omezit pohyblivost Nb8 a Ra8 a hrat tak patii fakticky s materialem navic}
a6 21.a4 Be4 ( 21...Kh7 ) 22.Bxe4 fxe4 23.Qg4 Nd4 {Co ma cerny delat s Nb8? Ani po Nd7 u nej nebudou zadne tahy, proto se rozhodl obetovat 2 P za rozehrani figur}
24.Bxd4 cxd4 25.Rxd4 axb5 26.axb5 Kh7 27.Rxe4 ( 27.f5 gxf5 28.Nxf5
Qg6 29.Qxg6+ Kxg6 30.Nxe7+ Kh7 31.Rxe4 $18 ) Nd7 28.Rd4 Nc5 29.Nf3
Qc8 30.Qh4 Ra7 31.Rdd1 Kg8 32.Nd4 Ra2 33.Nc6 Qe6 34.Nxe7+ Kh8
35.Nd5 {rychleji vyhravala nasledujici varianta} ( 35.f5 g5 36.fxe6
gxh4 37.Ng6+ $18 {ale v casove tisni se mi nechtelo jít do zapletek ve vyhrane pozici a chtela jsem, aby se vsechny figurky vzajemne kryly}
) Kg8 36.Nf2 g5 37.Qg4 gxf4 38.Qxe6+ Nxe6 39.Nd3 Rc2 40.Rc1 Re2
41.Nxb6 f3 42.Rxf3 Rxf3 43.gxf3 Nd4 44.f4 Nf3+ ( 44...Rd2 45.Kf1
Rxd3 46.Nd5 $18 ) 45.Kf1 Rd2 46.Ne1 {Nimcovicuv remizovy aparat R + N:}
( 46.Nc5 {??} Nxh2+ 47.Kg1 Nf3+ 48.Kf1 ( 48.Kh1 {??} Rh2# ) Nh2+
49.Ke1 Nf3+ 50.Kf1 {=} ) Nxh2+ 47.Kg1 Ng4 48.Nd5 h5 49.b6 Bf8
50.c5 {!} {partie se dala dokonce jeste i prohrat po automatickem}
( 50.b7 {??} Bc5+ {!$19} ) Rxd5 51.b7 Rd8 52.c6 1-0

[Event "Podzimni turnaj TJ Praga 2015 1A"]
[Site "Praha"]
[Date "2015.10.06"]
[Round "3.9"]
[White "Lavrincik, Pavel"]
[Black "Ulicny, Daniel"]
[Result "1/2-1/2"]
[WhiteElo "1827"]
[BlackElo "1772"]
[Annotator ""]
[Source ""]
[Remark ""]

1.c4 c5 2.Nc3 Nf6 3.e4 Nc6 4.g3 g6 5.Bg2 d6 6.Nge2 Bg7 7.O-O
a6 8.d4 cxd4 9.Nxd4 O-O 10.Nxc6 bxc6 11.e5 dxe5 12.Bxc6 Rb8 13.Bg2
Bg4 14.f3 Qb6+ 15.Kh1 Be6 16.Qe2 Rfd8 17.b3 Qd4 18.Bb2 Qd2 19.Rad1
Qxe2 20.Nxe2 e4 21.Be5 Rbc8 22.Nf4 Rxd1 23.Rxd1 exf3 24.Bxf3
Ng4 25.Bxg4 Bxg4 26.Re1 Bf8 27.h3 Bf3+ 28.Kg1 Rd8 29.Kf2 Bc6
30.Re3 e6 31.Rd3 Bc5+ 32.Ke2 Rxd3 33.Nxd3 Be7 34.Bc3 f6 35.b4
e5 36.a3 Kf7 37.Ke3 Ke6 38.Bb2 Bd6 39.Bc3 Be7 1/2-1/2

[Event "Podzimni turnaj TJ Praga 2015 1A"]
[Site "Praha"]
[Date "2015.10.06"]
[Round "3.10"]
[White "Vitek, Jan"]
[Black "Radics, Robert"]
[Result "1/2-1/2"]
[WhiteElo "1761"]
[BlackElo "1752"]
[Annotator ""]
[Source ""]
[Remark ""]

1.e4 c5 2.Nf3 d6 3.d4 cxd4 4.Nxd4 Nf6 5.Nc3 a6 6.f3 Nc6 7.Be3
d5 8.Nxd5 Nxd5 9.exd5 Qxd5 10.Nxc6 Qxc6 11.Bd3 e5 12.Qd2 Qc7
13.O-O Be6 14.Rad1 Bd6 15.Be4 Rd8 16.Qf2 Rd7 17.Bb6 Qc8 18.c4
O-O 19.b3 Rfd8 20.Rxd6 Rxd6 21.Bxd8 Rxd8 22.Qb6 Rd7 23.Re1 g6
24.h4 Qc7 25.Qxc7 Rxc7 26.Rd1 f5 27.Rd8+ Kf7 28.Bd3 Rd7 29.Rxd7+
Bxd7 30.b4 Ke6 1/2-1/2

[Event "Podzimni turnaj TJ Praga 2015 1A"]
[Site "Praha"]
[Date "2015.10.06"]
[Round "3.11"]
[White "Pribyl, Jaroslav"]
[Black "Davidek, Bohuslav"]
[Result "1/2-1/2"]
[WhiteElo "1975"]
[BlackElo "1771"]
[Annotator ""]
[Source ""]
[Remark ""]

1.d4 Nf6 2.Nf3 e6 3.Bg5 Be7 4.e3 Ne4 5.Bxe7 Qxe7 6.Bd3 Qb4+ 7.Nbd2
Nxd2 8.Qxd2 Qxb2 9.O-O Qa3 10.c4 Qe7 11.e4 c5 12.e5 cxd4 13.Nxd4
Nc6 14.Nb5 O-O 15.f4 f5 16.Nd6 b6 17.Rab1 Ba6 18.Qc2 g6 19.Qa4
Na5 20.Be2 Bb7 21.Bf3 Bc6 22.Bxc6 Nxc6 23.c5 Rfb8 24.cxb6 axb6
25.Qc4 Ra5 26.Rf2 Rc5 27.Qf1 Qd8 28.h3 Ne7 29.Rfb2 Nd5 30.Qf2
Rc6 31.Kh2 Ra8 32.Rd1 Ra4 33.Rd4 Rxd4 34.Qxd4 Qh4 35.g3 Qd8 36.h4
Kf8 37.Kh3 Qc7 38.Nb5 Qd8 39.Rd2 Rc5 40.Qb2 Qa8 41.Qa3 Qxa3 42.Nxa3
Rc3 43.Nb5 Nxf4+ 44.Kh2 Rd3 45.Rc2 Nh5 46.Nd6 Nxg3 47.Rc8+ Kg7
48.Ne8+ Kh6 49.Nf6 Ne4 50.Rh8 Kg7 51.Rxh7+ Kf8 52.Rh8+ 1/2-1/2

[Event "Podzimni turnaj TJ Praga 2015 1A"]
[Site "Praha"]
[Date "2015.10.06"]
[Round "3.12"]
[White "Toupal, Josef"]
[Black "Frouz, Petr"]
[Result "0-1"]
[WhiteElo "1817"]
[BlackElo "1845"]
[Annotator ""]
[Source ""]
[Remark ""]

1.e4 e6 2.d4 d5 3.e5 c5 4.Nf3 cxd4 5.Nxd4 Nc6 6.Nf3 Bc5 7.Nbd2
Qb6 8.Qe2 Nge7 9.Nb3 Bd7 10.Nxc5 Qxc5 11.c3 Ng6 12.Be3 Qa5 13.Bd4
Rc8 14.Qe3 Nxd4 15.Nxd4 Qb6 16.O-O-O a5 17.h4 a4 18.h5 Ne7 19.Nc2
Qxe3+ 20.Nxe3 a3 21.Nc2 axb2+ 22.Kxb2 Nc6 23.f4 f6 24.exf6 gxf6
25.h6 Ne7 26.Be2 Rg8 27.Bd3 f5 28.Rdg1 Rg3 29.Rh3 Rxh3 30.gxh3
Ng6 31.Rf1 Kf7 32.Be2 Kf6 33.Ne1 Rg8 34.Rg1 Ne7 35.Rxg8 Nxg8
36.Nf3 Nxh6 37.c4 dxc4 38.Bxc4 Nf7 39.Kc3 Bc6 40.Nd4 e5 41.Nxc6
bxc6 42.Bxf7 Kxf7 43.fxe5 Ke6 44.a4 Kxe5 45.a5 Kd6 46.Kd4 c5+
47.Kc4 f4 48.Kd3 Kc6 49.Ke4 Kb5 50.Kxf4 Kxa5 51.Ke3 Kb4 52.Kd2
Kb3 53.Kc1 Kc3 54.h4 h5 0-1

[Event "Podzimni turnaj TJ Praga 2015 1A"]
[Site "Praha"]
[Date "2015.10.06"]
[Round "3.13"]
[White "Krumphanzl, Vlastimil"]
[Black "Zimak, Karel"]
[Result "1/2-1/2"]
[WhiteElo "1797"]
[BlackElo "1831"]
[Annotator ""]
[Source ""]
[Remark ""]

1.Nf3 d5 2.c4 e6 3.e3 Nf6 4.b3 Be7 5.Bb2 O-O 6.Be2 c5 7.O-O Nc6
8.d4 Ne4 9.dxc5 Bxc5 10.a3 f5 11.b4 Be7 12.Ne5 Nxe5 13.Bxe5 Bf6
14.Qd4 Bxe5 15.Qxe5 Qf6 16.Qxf6 Rxf6 17.c5 Bd7 18.Rc1 Rc8 19.a4
b6 20.f3 Ng5 21.Bb5 Rf7 22.Na3 e5 23.Ba6 Rb8 24.c6 Bc8 25.c7
Ra8 26.Be2 Ne6 27.Nb5 Rd7 28.Rc6 Kf7 29.Nd6+ Kf6 30.Rac1 g6 31.a5
Ke7 1/2-1/2

[Event "Podzimni turnaj TJ Praga 2015 1A"]
[Site "Praha"]
[Date "2015.10.13"]
[Round "4.1"]
[White "Horak, Karel"]
[Black "Pesr, Jaromir"]
[Result "1/2-1/2"]
[WhiteElo "1844"]
[BlackElo "2004"]
[Annotator ""]
[Source ""]
[Remark ""]

1.e4 c5 2.Nf3 d6 3.d4 cxd4 4.Nxd4 Nf6 5.Nc3 a6 6.Be3 e5 7.Nf3
Be7 8.Bc4 h6 9.O-O Qc7 10.Qe2 Bg4 11.Nd5 Nxd5 12.Bxd5 Nd7 13.Qc4
Qxc4 14.Bxc4 Nf6 15.Nd2 Rc8 16.Bb3 Be6 17.Rac1 O-O 18.c4 Nd7
19.Rfd1 g5 20.h4 Kg7 21.hxg5 hxg5 22.Nf1 Rc7 23.Bd2 b6 24.Ne3
Rfc8 25.Nd5 Bxd5 26.cxd5 f6 27.Rxc7 Rxc7 28.Rc1 Rxc1+ 29.Bxc1
Bd8 30.Be3 Kf7 31.g3 b5 32.Kg2 Bb6 33.Kf3 Ke7 34.Bd1 1/2-1/2

[Event "Podzimni turnaj TJ Praga 2015 1A"]
[Site "Praha"]
[Date "2015.10.13"]
[Round "4.2"]
[White "Holub, Jan"]
[Black "Adamek, Milan"]
[Result "0-1"]
[WhiteElo "2124"]
[BlackElo "1874"]
[Annotator ""]
[Source ""]
[Remark ""]

1.e4 c5 2.Nf3 g6 3.d4 cxd4 4.Nxd4 Nc6 5.Nc3 Bg7 6.Be3 a6 7.Qd2
Nf6 8.f3 d5 9.Nxc6 bxc6 10.O-O-O Be6 11.Qf2 O-O 12.g4 Qb8 13.g5
Nd7 14.Qd2 Ne5 15.Be2 dxe4 16.fxe4 Qb4 17.a3 Qa5 18.Bd4 Rfd8
19.Qe3 Ng4 20.Bxg4 Bxd4 21.Rxd4 Rxd4 22.Bxe6 Qe5 23.Bb3 Rad8
24.Rf1 e6 25.h4 Qh2 26.Nd5 Qxh4 27.Qxd4 Qxg5+ 28.Qe3 Rxd5 29.Qxg5
Rxg5 30.Bc4 a5 31.Rd1 h5 32.Rd8+ Kg7 33.Rc8 h4 34.Rd8 h3 35.Be2
Rg1+ 36.Rd1 h2 37.Bf3 g5 38.b4 g4 39.c4 g3 40.b5 cxb5 41.cxb5
g2 42.Bxg2 Rxg2 43.b6 Rg1 44.b7 Rxd1+ 45.Kxd1 h1Q+ 0-1

[Event "Podzimni turnaj TJ Praga 2015 1A"]
[Site "Praha"]
[Date "2015.10.13"]
[Round "4.3"]
[White "Paulovic, Milan"]
[Black "Ptak, Pavel"]
[Result "0-1"]
[WhiteElo "1855"]
[BlackElo "2115"]
[Annotator ""]
[Source ""]
[Remark ""]

1.b3 d5 2.Bb2 Bg4 3.Nf3 Nd7 4.h3 Bh5 5.g4 Bg6 6.Bg2 e6 7.e3 c6
8.d3 a5 9.a4 h5 10.g5 h4 11.Nbd2 Ne7 12.Qe2 Bh5 13.e4 Ng6 14.Qe3
Bc5 15.d4 Bd6 16.e5 Bb4 17.c3 Be7 18.Bf1 Qb6 19.Rg1 Rc8 20.Bd3
Rc7 21.Nh2 c5 22.Kf1 cxd4 23.cxd4 Bb4 24.Bb5 Ne7 25.Rc1 Rxc1+
26.Bxc1 Nf5 27.Qf4 Qxd4 28.Ndf3 Qxf4 29.Bxf4 Kd8 30.Kg2 Nc5 31.Rc1
Bg6 32.Ng4 Nxb3 33.Rb1 Ne3+ 0-1

[Event "Podzimni turnaj TJ Praga 2015 1A"]
[Site "Praha"]
[Date "2015.10.13"]
[Round "4.4"]
[White "Machala, Vladislav"]
[Black "Hajek, Jiri"]
[Result "0-1"]
[WhiteElo "2054"]
[BlackElo "1853"]
[Annotator ""]
[Source ""]
[Remark ""]

1.Nf3 d5 2.b4 Nf6 3.Bb2 Nbd7 4.e3 e6 5.a3 c5 6.bxc5 Bxc5 7.d4
Bd6 8.c4 O-O 9.Nbd2 Re8 10.Ne5 Qa5 11.Bd3 Ne4 12.Bxe4 dxe4 13.Nxd7
Bxd7 14.O-O Qf5 15.f3 Qh5 16.h3 exf3 17.Nxf3 Bc6 18.Qd3 Rad8
19.Rad1 f5 20.d5 exd5 21.cxd5 Ba4 22.Rde1 Bd7 23.Qd4 Qg6 24.Qh4
Bg3 25.Qd4 Bxe1 26.Nxe1 Re4 27.Qxa7 f4 28.Qa5 Rde8 29.Qc7 Bxh3
30.Rxf4 Rxe3 31.Rf2 Rxe1+ 32.Kh2 R1e7 33.Qc4 Bf5 34.d6+ Rf7 35.d7
Qd6+ 36.g3 Qxd7 37.Bc3 Be6 38.Rxf7 Qxf7 0-1

[Event "Podzimni turnaj TJ Praga 2015 1A"]
[Site "Praha"]
[Date "2015.10.13"]
[Round "4.5"]
[White "Ulicny, Daniel"]
[Black "Ryvova, Anna"]
[Result "0-1"]
[WhiteElo "1772"]
[BlackElo "1922"]
[Annotator "Ryvova, Anna"]
[Source ""]
[Remark ""]

1.d4 d5 2.c4 c6 3.Nf3 Nf6 4.Nc3 e6 5.e3 Nbd7 6.Bd3 dxc4 7.Bxc4
b5 8.Bd3 Bb7 9.O-O a6 10.Bd2 ( 10.e4 c5 11.e5 Nd5 12.Ng5 cxd4
13.Nxe6 Qb6 14.Nxf8 dxc3 15.Nxd7 Qc6 16.Re1 Qxd7 17.e6 fxe6 18.Qh5+
Kd8 19.bxc3 Rc8 20.c4 bxc4 21.Qh4+ Kc7 22.Qg3+ Qd6 23.Bxc4 Qxg3
24.hxg3 Kd7 25.Bb3 g6 26.Ba3 Rhe8 27.Rad1 Rc7 28.Re5 Bc6 29.Rde1
Rb7 30.Bc4 a5 31.f4 Nc7 32.Rxa5 Bd5 33.Bxd5 Nxd5 34.Ra6 Nb6 35.Rb1
Kc6 36.Bc1 Kc7 37.Be3 Nd5 38.Rxb7+ Kxb7 39.Ra7+ Kc6 40.Bd4 Nc7
41.Be5 Nd5 42.Rxh7 Ra8 43.Rg7 Rxa2 44.Rxg6 Ne3 45.Bd4 Nf5 46.Rxe6+
Kd7 47.Re5 Nxg3 48.Be3 Rb2 49.f5 Nh5 50.g4 Nf6 51.g5 Ng4 52.Rd5+
Kc6 53.Rd3 Rb5 54.Rc3+ Kd5 55.f6 Ke6 56.Rc6+ Kd7 57.Rb6 Rd5 58.Bf4
Rf5 59.Bd2 Ne5 60.Bc1 Nf3+ 61.Kg2 Nxg5 62.Bxg5 Rxg5+ 63.Kf3 Ke8
64.Kf4 Ra5 {1/2-1/2, Domanski Markus (GER) 2064 - Panic Milislav (GER) 2154, Hessen (Germany) 2006.10.29}
) ( 10.a4 b4 11.Ne4 c5 12.Ned2 Be7 13.Qe2 O-O 14.Rd1 Qc7 15.Nc4 )
( 10.Qe2 c5 11.Rd1 Qc7 12.e4 cxd4 13.Nxd4 Bc5 14.Be3 O-O 15.Rac1
Qb6 ) c5 11.Rc1 c4 12.Bb1 Be7 13.Re1 O-O 14.a3 Qb6 15.e4 Rfe8
16.e5 Nd5 17.Nxd5 Bxd5 18.Be4 Qb7 19.Qc2 f5 20.Bxd5 Qxd5 21.Ba5
Rac8 22.Qd2 Nb8 23.h4 Nc6 24.Bc3 Bd8 25.Qf4 a5 26.g4 {?}
( 26.h5 h6 27.Qg3 Bb6 $15 ) Rf8 ( 26...fxg4 27.Qxg4 Rf8 28.Re3
b4 29.axb4 axb4 30.Bd2 Rc7 31.Ng5 Bxg5 32.hxg5 Rcf7 $19 ) 27.g5
b4 28.axb4 axb4 29.Bd2 Bb6 30.Be3 Na5 ( 30...b3 {!} {'with the idea' Nb4 - d3}
31.Bd2 Nxd4 $19 ) 31.g6 h6 32.Kh2 Nb3 33.Rcd1 Rc7 ( 33...c3 {%05Lepší bylo}
34.bxc3 bxc3 $19 {
, ale v silne casove tisni jsem nechtela riskovat, ze o pesce prijdu, kdyz pole
c1 je kryto 4 bilymi figurami, radeji jsem hrala na jistotu} )
34.Ng5 {?} {Obet figury je nekorektni, ale pozice cerneho je diky Pb4, c4 a Nb3 vyhrana.}
hxg5 35.hxg5 Qe4 36.Qg3 Qg4 37.Rh1 Ra8 38.Qxg4 fxg4 39.Kg3 Rca7
40.Kxg4 Ra1 41.d5 Bxe3 42.fxe3 c3 43.bxc3 bxc3 44.Rxa1 Rxa1 45.Rh2
Ra4+ 46.Kg3 Nd2 47.Rh1 exd5 48.Rc1 Kf8 0-1

[Event "Podzimni turnaj TJ Praga 2015 1A"]
[Site "Praha"]
[Date "2015.10.13"]
[Round "4.6"]
[White "Brcak, Marek"]
[Black "Lavrincik, Pavel"]
[Result "1-0"]
[WhiteElo "1879"]
[BlackElo "1827"]
[Annotator "Ryvova, Anna"]
[Source ""]
[Remark ""]

1.e4 d6 2.d4 Nf6 3.Nc3 g6 4.f4 Bg7 5.Nf3 c5 6.e5 dxe5 7.dxe5
Qxd1+ 8.Kxd1 Ng4 9.Nd5 O-O ( 9...Kd8 10.Ke2 Be6 11.c4 f6 12.h3
Nh6 13.exf6 Bxf6 14.Nxf6 exf6 15.b3 $14 ) 10.Nxe7+ Kh8 11.Nxc8
Rxc8 12.Ke1 Nc6 13.c3 Re8 14.Ng5 Nh6 15.Bc4 f6 16.Ne6 Rac8 17.Kf2
fxe5 18.Rd1 exf4 19.Bxf4 Rxe6 20.Bxe6 Rf8 21.Kg3 Ne5 22.Rd5 Nc6
23.Rad1 Ne7 24.Rd8 Nef5+ 25.Kh3 g5 26.Bxg5 1-0

[Event "Podzimni turnaj TJ Praga 2015 1A"]
[Site "Praha"]
[Date "2015.10.13"]
[Round "4.7"]
[White "Davidek, Bohuslav"]
[Black "Kolar, Dan"]
[Result "0-1"]
[WhiteElo "1771"]
[BlackElo "1866"]
[Annotator ""]
[Source ""]
[Remark ""]

1.e4 c5 2.Nf3 Nc6 3.d4 cxd4 4.Nxd4 Nf6 5.Nc3 e5 6.Ndb5 d6 7.Bg5
a6 8.Na3 Be7 9.Nc4 b5 10.Ne3 O-O 11.Be2 Nxe4 12.Bxe7 Nxc3 13.Qxd6
Nxe7 14.Qxd8 Rxd8 15.bxc3 Bb7 16.Rd1 Nd5 17.Bf3 Nxe3 18.Rxd8+
Rxd8 19.fxe3 Bxf3 20.gxf3 f5 21.Ke2 Kf7 22.Rb1 Rc8 23.Kd3 Rc4
24.Rb4 e4+ 25.fxe4 fxe4+ 26.Kd2 g5 27.a4 Rxb4 28.cxb4 bxa4 29.c4
g4 30.b5 axb5 31.cxb5 a3 32.Kc3 a2 33.Kb2 a1Q+ 34.Kxa1 Ke6 35.Kb2
h5 36.Kc3 h4 37.Kd2 g3 38.hxg3 h3 0-1

[Event "Podzimni turnaj TJ Praga 2015 1A"]
[Site "Praha"]
[Date "2015.10.13"]
[Round "4.8"]
[White "Pokorny, Jan"]
[Black "Vitek, Jan"]
[Result "1-0"]
[WhiteElo "1865"]
[BlackElo "1761"]
[Annotator ""]
[Source ""]
[Remark ""]

1.b3 f5 2.Bb2 e6 3.e3 Nf6 4.Be2 d5 5.Nf3 Bd6 6.d3 Nbd7 7.O-O
O-O 8.c4 c6 9.Nbd2 Qe7 10.Qc2 e5 11.cxd5 cxd5 12.e4 f4 13.exd5
b6 14.Nc4 Bb7 15.Nxd6 Qxd6 16.Rac1 Rac8 17.Qb1 Bxd5 18.Qa1 e4
19.dxe4 Bxe4 20.Rcd1 Qe7 21.Bc4+ Kh8 22.Rfe1 Qc5 23.Rxe4 Qf5
24.Ree1 b5 25.Be6 1-0

[Event "Podzimni turnaj TJ Praga 2015 1A"]
[Site "Praha"]
[Date "2015.10.13"]
[Round "4.9"]
[White "Frouz, Petr"]
[Black "Radics, Robert"]
[Result "1-0"]
[WhiteElo "1845"]
[BlackElo "1752"]
[Annotator ""]
[Source ""]
[Remark ""]

1.d4 Nf6 2.Nf3 e6 3.c4 b6 4.g3 Bb7 5.Bg2 c5 6.O-O cxd4 7.Nxd4
Bxg2 8.Kxg2 Bc5 9.Bf4 a6 10.Nc3 Nc6 11.e3 Nxd4 12.exd4 Bb4 13.Rc1
O-O 14.a3 Bxc3 15.Rxc3 Ne4 16.Rc2 Rc8 17.f3 Nf6 18.Bd6 Re8 19.Qd3
Rc6 20.c5 b5 21.Re2 Nd5 22.h4 Ne7 23.Qe4 Nf5 24.Bf4 Qc8 25.b4
d5 26.Qd3 Qd8 27.Bg5 Qb8 28.Bf4 Qd8 29.Rh1 Qf6 30.Re5 Qg6 31.Qd2
h5 32.Kf2 Kf8 33.Qd1 f6 34.Re2 e5 35.dxe5 fxe5 36.Rxe5 Rxe5 37.Bxe5
d4 38.g4 hxg4 39.fxg4 Ne3 40.Qf3+ Kg8 41.Rg1 Rc8 42.Bd6 Qc2+
43.Kg3 Qc3 44.Kh2 Qxa3 45.g5 Qxb4 46.g6 Qc4 47.Qh5 Qc2+ 48.Kg3
Nf5+ 49.Kh3 Nh6 50.Qd5+ Kh8 51.Qxd4 Qf5+ 52.Kh2 Re8 53.Rg2 Qf3
54.Be5 Nf5 55.Qd7 Rf8 56.c6 Qh5 57.Kg1 Qxh4 58.Rh2 1-0

[Event "Podzimni turnaj TJ Praga 2015 1A"]
[Site "Praha"]
[Date "2015.10.13"]
[Round "4.10"]
[White "Pavlicek, Petr"]
[Black "Stepanek, Svatopluk"]
[Result "0-1"]
[WhiteElo "1929"]
[BlackElo "1869"]
[Annotator ""]
[Source ""]
[Remark ""]

1.e4 e5 2.Nf3 Nc6 3.Bb5 Bc5 4.c3 Nge7 5.O-O O-O 6.a4 a5 7.Na3
Ng6 8.Nc2 d6 9.d4 exd4 10.cxd4 Bb6 11.Be3 h6 12.Nd2 d5 13.e5
Bf5 14.Nf3 Nh4 15.Bxc6 Nxf3+ 16.Qxf3 Bxc2 17.Bxd5 c6 18.Be4 Bxe4
19.Qxe4 Qe7 20.Qg4 Kh7 21.Bd2 Rad8 22.Bc3 Rd5 23.Rfe1 Rfd8 24.Rad1
Qd7 25.e6 fxe6 26.Rxe6 Bxd4 27.Qg6+ Kg8 28.Rde1 Rf8 29.Bxd4 Rxd4
30.Re7 Qxe7 0-1

[Event "Podzimni turnaj TJ Praga 2015 1A"]
[Site "Praha"]
[Date "2015.10.13"]
[Round "4.11"]
[White "Hala, Martin"]
[Black "Krumphanzl, Vlastimil"]
[Result "1/2-1/2"]
[WhiteElo "1918"]
[BlackElo "1797"]
[Annotator "Ryvova, Anna"]
[Source ""]
[Remark ""]

1.e4 c5 2.Nf3 Nc6 3.a4 e6 4.d4 cxd4 5.Nxd4 Nf6 6.Nxc6 bxc6 7.Bd3
Ba6 8.c4 d5 9.cxd5 Bxd3 10.Qxd3 cxd5 11.Qb5+ Qd7 12.Qxd7+ Kxd7
13.exd5 Nxd5 14.O-O Bc5 15.Rd1 Ke7 16.Nd2 Rhd8 17.Nb3 Bd6 18.Nd4
Rd7 19.Bd2 Rb7 20.Ba5 Rxb2 21.Rab1 Rxb1 22.Rxb1 Nb6 23.Nb5 Bc5
24.Nc3 Rc8 25.Ne4 Ba3 26.Nc3 Rc5 27.Nb5 Rc1+ 28.Rxc1 Bxc1 29.Nxa7
Nxa4 30.Nc6+ Kd6 31.Nd4 Kd5 32.Ne2 Bb2 33.g3 e5 34.f3 f5 35.Kf2
Kc4 36.f4 e4 37.h3 Nc3 38.Bxc3 Bxc3 39.g4 g6 40.gxf5 gxf5 41.Ke3
Bb2 42.Kd2 Kd5 43.h4 Bf6 44.h5 Bh4 45.Ke3 Be1 46.Ng1 Ba5 47.Ne2
Bb4 ( 47...Bb6+ 48.Kd2 Bf2 49.Kc3 Be1+ 50.Kc2 Kc4 51.Kd1 Bf2
52.Kd2 e3+ 53.Kc2 h6 $19 ) 48.Ng3 Bc5+ 49.Kd2 Ke6 50.Kc3 Be3
( 50...Bf2 51.Ne2 Kd5 52.Kc2 Kc4 53.Kd2 e3+ $19 ) 51.Ne2 Kd5
52.Kb3 Bd4 1/2-1/2

[Event "Podzimni turnaj TJ Praga 2015 1A"]
[Site "Praha"]
[Date "2015.10.13"]
[Round "4.12"]
[White "Zimak, Karel"]
[Black "Toupal, Josef"]
[Result "1-0"]
[WhiteElo "1831"]
[BlackElo "1817"]
[Annotator ""]
[Source ""]
[Remark ""]

1.Nf3 Nf6 2.g3 g6 3.Bg2 Bg7 4.O-O d6 5.c4 e5 6.Nc3 Nc6 7.d3 O-O
8.Bg5 h6 9.Bd2 Be6 10.Rb1 a5 11.a3 Qc8 12.e4 Kh7 13.Qc1 Bh3 14.Nd5
Bxg2 15.Kxg2 Ng8 16.Nh4 Qd8 17.b4 axb4 18.axb4 Nce7 19.f4 exf4
20.Nf3 Nxd5 21.cxd5 fxg3 22.hxg3 Ra2 23.Qc4 Ra4 24.Rf2 f5 25.Rh1
Qd7 26.Ng5+ Kh8 27.Ne6 Rf7 28.exf5 Rxf5 29.Qc2 c5 ( 29...Rxd5
30.Nxg7 Kxg7 31.Bc3+ Kh7 32.Qxa4 $18 ) 30.bxc5 Rg4 31.Qb3 1-0

[Event "Podzimni turnaj TJ Praga 2015 1A"]
[Site "Praha"]
[Date "2015.10.13"]
[Round "4.13"]
[White "Sramek, Jiri"]
[Black "Pribyl, Jaroslav"]
[Result "0-1"]
[WhiteElo "1980"]
[BlackElo "1975"]
[Annotator ""]
[Source ""]
[Remark ""]

1.e4 c6 2.d4 d5 3.exd5 cxd5 4.Bd3 Nc6 5.c3 Qc7 6.Qf3 Nf6 7.Bf4
Qb6 8.Qe2 Bg4 9.Nf3 e6 10.O-O Be7 11.Qc2 Bxf3 12.gxf3 Rc8 13.Qb3
Qxb3 14.axb3 Nh5 15.Be3 Bd6 16.b4 a6 17.b5 axb5 18.Bxb5 Ke7 19.Nd2
Ra8 20.Nb3 Kf6 21.Rfe1 Ne7 22.Nc5 Bxc5 23.dxc5 Nf5 24.Bd2 Nh4
25.Be2 e5 26.b4 g5 27.b5 Ng7 28.b6 Ne6 29.c6 bxc6 30.b7 Rxa1
31.Rxa1 Rb8 32.Ra7 Nc5 33.Be3 Nxb7 34.Ra6 Nd8 35.Bb6 Ne6 36.h3
Kg7 37.Kh2 Nf4 38.Bd1 Ne6 39.Kg3 Nf5+ 40.Kh2 c5 41.Bb3 c4 42.Ba4
d4 43.Bd7 Kf6 44.Kg2 Ke7 45.Bb5 Nd6 46.Ba4 Nc8 47.Ba5 Nc5 48.Rc6
Nxa4 49.Rxc4 Nxc3 50.Bc7 Rb5 51.Bxe5 Rxe5 52.Rxc8 Rd5 53.Kf1
d3 0-1

[Event "Podzimni turnaj TJ Praga 2015 1A"]
[Site "Praha"]
[Date "2015.10.20"]
[Round "5.1"]
[White "Pesr, Jaromir"]
[Black "Adamek, Milan"]
[Result "1-0"]
[WhiteElo "2004"]
[BlackElo "1874"]
[Annotator ""]
[Source ""]
[Remark ""]

1.d4 Nf6 2.c4 c5 3.d5 b5 4.cxb5 a6 5.bxa6 Bxa6 6.Nc3 g6 7.Nf3
d6 8.g3 Bg7 9.Bg2 Nbd7 10.O-O O-O 11.Re1 Qc7 12.Qc2 Rfb8 13.e4
Ng4 14.h3 Nge5 15.Rd1 Qa5 16.Ne1 Nc4 17.Rb1 Na3 18.bxa3 Bxc3
19.Rxb8+ Rxb8 20.Nd3 Ne5 21.Nxe5 Bxe5 22.Bf1 Bd4 23.Bxa6 Qxa6
24.Kg2 Qb6 25.Rd3 Qb1 26.Qc4 Rb2 27.Bxb2 Qxb2 28.Rf3 Qb1 29.Qe2
Qc1 30.Qb5 Kg7 31.Qb6 Qc2 32.Qb3 Qxe4 33.a4 g5 34.a5 h5 35.Kh2
h4 36.a6 hxg3+ 37.Rxg3 Be5 38.a7 Bxg3+ 39.Kxg3 Qf4+ 40.Kg2 1-0

[Event "Podzimni turnaj TJ Praga 2015 1A"]
[Site "Praha"]
[Date "2015.10.23"]
[Round "5.2"]
[White "Ryvova, Anna"]
[Black "Brcak, Marek"]
[Result "1/2-1/2"]
[WhiteElo "1922"]
[BlackElo "1879"]
[Annotator "Ryvova, Anna"]
[Source ""]
[Remark ""]

1.e4 e5 2.Nf3 Nc6 3.Bb5 a6 4.Bxc6 dxc6 5.d4 exd4 6.Qxd4 Qxd4
7.Nxd4 c5 8.Ne2 Bd7 9.Nbc3 O-O-O 10.O-O Bd6 11.Bf4 Bc6 12.Rad1
Bxf4 13.Rxd8+ Kxd8 14.Nxf4 Ne7 15.Rd1+ Kc8 16.Ncd5 Bxd5 17.Nxd5
Re8 18.Nxe7+ Rxe7 19.f3 f5 {!} 20.Re1 ( 20.exf5 Re2 21.g4 Rxc2
22.g5 ( 22.b3 Rxa2 23.g5 c4 24.f6 gxf6 25.gxf6 Ra5 $19 ) Rxb2
23.f6 gxf6 24.gxf6 Rb6 $19 ) fxe4 21.Rxe4 Rxe4 22.fxe4 Kd7 23.Kf2
Ke6 24.Kf3 Ke5 25.h4 c4 26.c3 g6 27.g4 h6 28.g5 hxg5 29.hxg5
Ke6 30.Kf4 Kd6 31.a3 Ke6 32.Kf3 Kd6 33.Kf2 Ke6 34.Ke2 Kd6 35.Kf3
Ke6 36.Kf4 Kd6 37.Kg3 Ke6 38.Kf3 Kd6 1/2-1/2

[Event "Podzimni turnaj TJ Praga 2015 1A"]
[Site "Praha"]
[Date "2015.10.20"]
[Round "5.3"]
[White "Kolar, Dan"]
[Black "Horak, Karel"]
[Result "0-1"]
[WhiteElo "1866"]
[BlackElo "1844"]
[Annotator "Ryvova, Anna"]
[Source ""]
[Remark ""]

1.e4 c5 2.Nf3 d6 3.d3 g6 4.Nbd2 Bg7 5.g3 Nc6 6.Bg2 Nf6 7.O-O
O-O 8.c3 e5 9.Ne1 Rb8 10.f4 b5 11.f5 b4 12.g4 Bh6 13.c4 Nd4 14.h3
Be3+ 15.Kh1 h5 16.Nb3 Bxc1 17.Rxc1 hxg4 18.hxg4 Nh7 19.Nf3 Ng5
20.Nbxd4 cxd4 21.Qd2 f6 22.Nh4 gxf5 23.exf5 Bb7 24.Ng6 Rf7 25.Kh2
Qc7 26.Kg3 Bxg2 27.Qxg2 e4 28.dxe4 d5+ 29.e5 Ne4+ 30.Kf3 dxc4
31.e6 {?} ( 31.Rh1 Rh7 32.Kf4 fxe5+ ( 32...Rxh1 33.Qxh1 $18 )
33.Nxe5 Rxh1 ( 33...Nf6 34.g5 $18 ) 34.Qxh1 Nc5 35.Qd5+ Kg7 36.Rxc4
$18 ) Rh7 32.Rh1 Ng5+ 33.Kf2 Qc5 34.Rxh7 d3+ 35.Ke1 Qe3+ 36.Kd1
Nf3 37.Rh1 c3 38.e7 d2 39.Rc2 Qe1+ 0-1

[Event "Podzimni turnaj TJ Praga 2015 1A"]
[Site "Praha"]
[Date "2015.10.20"]
[Round "5.4"]
[White "Hajek, Jiri"]
[Black "Holub, Jan"]
[Result "0-1"]
[WhiteElo "1853"]
[BlackElo "2124"]
[Annotator ""]
[Source ""]
[Remark ""]

1.e4 c5 2.Nf3 g6 3.d4 cxd4 4.Nxd4 Bg7 5.Nc3 Nc6 6.Be3 Nf6 7.Be2
O-O 8.O-O d5 9.Nxc6 bxc6 10.exd5 cxd5 11.Bb5 Bb7 12.Bd4 Qa5 13.Re1
e6 14.Be5 Ne4 15.Bxg7 Kxg7 16.Qd4+ f6 17.Nxe4 dxe4 18.a4 a6 19.b4
Qc7 20.Qd7+ Rf7 21.Qxc7 Rxc7 22.Bf1 Rxc2 23.Rac1 Rac8 24.Rxc2
Rxc2 25.b5 axb5 26.Rb1 f5 27.axb5 f4 28.Rb3 Rc1 29.b6 Ba6 30.h3
Rxf1+ 31.Kh2 Kf6 32.b7 Bxb7 33.Rxb7 Rxf2 34.Kg1 e3 35.Rxh7 Ra2
36.Kf1 Ra1+ 37.Ke2 Rg1 38.Kf3 Rf1+ 0-1